Państwa należące do Małych Antyli - Statystyki

Ogólne statystyki
  • Ten quiz został rozwiązany 143 razy
  • Średni wynik to 7 z 8
Statystyki odpowiedzi
Odpowiedź % Poprawnych
7. Barbados
87%
3. Dominika
86%
1. Saint Kitts i Nevis
86%
2. Antigua i Barbuda
85%
4. Saint Lucia
84%
5. Saint Vincent i Grenadyny
80%
8. Trynidad i Tobago
80%
6. Grenada
78%
Nie znaleziono quizów pasujących do podanych kryteriów
Rozkład punktacji
Procent ludzi z każdym wynikiem
Percentyl według liczby udzielonych odpowiedzi
Twoja historia wyników
Nie rozwiązałeś tego quizu